| 000 | 00470nam a2200145Ia 4500 | ||
|---|---|---|---|
| 008 | 170221s9999 xx 000 0 und d | ||
| 100 | _aRajendran Muthuveloo | ||
| 245 | _aRACE: The Theory of Emergence for Strategic Entrepreneurship | ||
| 245 | _cRajendran Muthuveloo, Teoh Ai Ping | ||
| 260 | _bInternational Review of Management and Marketing | ||
| 260 | _c2017 | ||
| 300 | _a7 : 1 | ||
| 650 | _xMarketing. | ||
| 856 | _uhttp://www.econjournals.com/index.php/irmm | ||
| 999 |
_c308040 _d308040 |
||